Navy Ship Types from Examples - Statistics

General Stats
  • This quiz has been taken 102 times
  • The average score is 9 of 21
Answer Stats
Country Example Ship Type % Correct
Imperial Japan CV Zuikaku, Shōkaku Class Aircraft Carrier
98%
USA DD-712 Gyatt, Gearing Class Destroyer
87%
USA BB-63 Missouri, Iowa Class Battleship
76%
Russia FF Admiral Kasatonov, Admiral Gorshkov Class Frigate
70%
USA CA-140 Dallas, Des Moines Class Heavy Cruiser
57%
USA CL-55 Cleveland, Cleveland Class Light Cruiser
56%
USA CVN-70 Carl Vinson, Nimitz Class Nuclear Powered Aircraft Carrier
55%
Russia SSN Kostroma, Sierra I Class Nuclear Powered Submarine
54%
USA CG-59 Princeton, Ticonderoga Class Guided Missile Cruiser
47%
USA DDG-71 Ross, Arleigh Burke Class Guided Missile Destroyer
41%
USA FFG-10 Duncan, Oliver Hazard Perry Class Guided Missile Frigate
37%
Israel K Lahav, Sa'ar 5 Class Corvette
36%
USA LCS-7 Detroit, Freedom Class Littoral Combat Ship
33%
USA CVE-9 Bogue, Bogue Class Light Aircraft Carrier
26%
USA LHD-4 Essex, Wasp Class Amphibious Assault Ship
25%
USA SSBN-741 Maine, Ohio Class Nuclear Powered Ballistic Missile Submarine
20%
Russia CGN Pyotr Velikiy, Kirov Class Nuclear Powered Guided Missile Cruiser
18%
USA AS-40 Frank Cable, Emory S. Land Submarine Tender
18%
USA MCM-6 Devastator, Avenger Class Mine Countermeasure Ship
16%
USA PCH-1 High Point, High Point Class Hydrofoil Patrol Boat
13%
USA PHM-4 Aquila, Pegasus Class Missile Hydrofoil Patrol Craft
3%
No matching quizzes found
Score Distribution
Percent of People with Each Score
Percentile by Number Answered
Your Score History
You have not taken this quiz